| 000 | 03347cam a22004214a 4500 | ||
|---|---|---|---|
| 001 | 55703 | ||
| 005 | 20230410142423.0 | ||
| 008 | 070124s2007 dcua b 001 0 eng | ||
| 010 | _a 2007002110 | ||
| 035 | _a(OCoLC)ocm80358867 | ||
| 040 |
_aDLC _cDLC _dBAKER _dC#P _dBTCTA _dYDXCP _dTTU _dCRH _dDRFGD |
||
| 020 | _a9780872893030 (alk. paper) | ||
| 020 | _a0872893030 (alk. paper) | ||
| 029 | 1 |
_aYDXCP _b2476229 |
|
| 029 | 1 |
_aNLGGC _b302249923 |
|
| 035 | _a(OCoLC)80358867 | ||
| 043 | _an-us--- | ||
| 082 | 0 | 0 |
_a328.73 _222 |
| 049 | _aGRAL | ||
| 050 | 1 | 4 | _aO45c 2007 |
| 100 | 1 | _aOleszek, Walter J. | |
| 245 | 1 | 0 |
_aCongressional procedures and the policy process / _cWalter J. Oleszek. |
| 250 | _a7th ed. | ||
| 260 |
_aWashington, D.C. : _bCQ Press, _cc2007. |
||
| 300 |
_axvii, 364 p. : _bill. ; _c23 cm. |
||
| 504 | _aIncludes bibliographical references (p. 343-349) and index. | ||
| 505 | 0 | _a1. Congress and lawmaking -- The Constitutional context -- Functions of rules and procedures -- Rules and policymaking in Congress -- Congressional decision making -- The House and Senate compared -- Pressures on members -- 2. The Congressional budget process -- Authorization-appropriations process -- Prelude to budget reform -- The 1974 Budget Act -- Evolution of the budget process -- A brief surplus era -- The challenge ahead -- 3. Preliminary legislative action -- Categories of legislation -- Bill referral procedure -- Consideration in committee -- The committee chair's role -- Committee hearings -- The markup -- The report -- Bypassing committees -- 4. Scheduling legislation in the House -- The House legislative calendars -- Minor and noncontroversial bills -- Privileged legislation -- Major legislation -- Legislation blocked in committee -- Final scheduling steps -- 5. House floor procedure -- Adoption of the rule -- Committee of the whole -- General debate -- The amending process -- Voting -- Final procedural steps -- 6. Scheduling legislation in the Senate -- Flexible scheduling system -- Noncontroversial bills -- Major legislation -- Unanimous consent agreements -- The track system -- Scheduling procedures compared -- 7. Senate floor procedure -- Legislative and calendar days -- Daily order of business -- Debate in the modern Senate -- Bills considered by unanimous consent -- The amending process -- Bills without unanimous consent -- Procedures to circumvent committees -- 8. Resolving House-Senate differences -- Obscurity of the process -- Agreement without a conference -- Preconference considerations -- Conference committee process -- Presidential approval or veto -- 9. Legislative oversight -- Oversight : an overview -- Techniques of oversight -- Impeachment -- Oversight trends and incentives -- Lack of consensus on oversight -- 10. A dynamic process -- Glossary of Congressional terms. | |
| 610 | 1 | 0 |
_aUnited States. _bCongress _vRules and practice. |
| 650 | 0 |
_aLegislation _zUnited States. |
|
| 650 | 0 |
_aParliamentary practice _zUnited States. |
|
| 856 | 4 | 1 |
_3Table of contents only _uhttp://www.loc.gov/catdir/toc/ecip079/2007002110.html |
| 938 |
_aBaker and Taylor _bBTCP _n2007002110 |
||
| 938 |
_aYBP Library Services _bYANK _n2476229 |
||
| 938 |
_aBaker & Taylor _bBKTY _c49.95 _d49.95 _i0872893030 _n0007010505 _sactive |
||
| 942 |
_2lcc _cbk |
||
| 946 | _almminaya | ||
| 994 |
_aC0 _bDRFGD |
||
| 999 |
_c95326 _d95326 |
||